Experimentos de química general e inorgánica

Saved in:
Bibliographic Details
Main Author: Domínguez, Jorge Alejandro (Author)
Format: Book
Language:Spanish
Published: Ciudad de México Limusa 1973
Subjects:
Tags: Add Tag
No Tags, Be the first to tag this record!

MARC

LEADER 00000nam a2200000 a 4500
001 UCZ2503
003 CL-VaPUC
008 951005e19730000MX |||||||||||||||||spa|d
082 0 4 |a 543  |b DOM  |2 21 
100 0 |a Domínguez, Jorge Alejandro  |e author  |9 346270 
245 1 0 |a Experimentos de química general e inorgánica 
300 |a 174 p 
942 |c BK 
945 |d 19951005 00:00:00  |a awong 
260 |a Ciudad de México  |b Limusa  |c 1973 
650 0 |a Química  |9 259896 
650 7 |a LABORATORIOS DE ANALISIS  |2 CL-VaPUC  |9 346271 
583 |a last modification  |c 19951005 00:00:00  |k Rodrigo Vera 
999 |c 239086  |d 239084 
952 |0 0  |1 0  |4 0  |6 543_000000000000000_DOM_1973  |7 0  |8 A  |9 249912  |a BIBCUR  |b BIBCUR  |d 2019-11-18  |i 3138763  |o 543 DOM 1973  |p 3138763  |r 2025-04-22  |w 2019-11-18  |y BK  |k BCB